A guide to the zoological galleries [of the Indian Museum] (Record no. 86817)
[ view plain ]
| 000 -LEADER | |
|---|---|
| fixed length control field | 00618cam a22002171 4500 |
| 001 - CONTROL NUMBER | |
| control field | sa 68015942 |
| 003 - CONTROL NUMBER IDENTIFIER | |
| control field | DLC |
| 005 - DATE AND TIME OF LATEST TRANSACTION | |
| control field | 20260227112650.0 |
| 008 - FIXED-LENGTH DATA ELEMENTS--GENERAL INFORMATION | |
| fixed length control field | 700701s1965 ii a c 00010 eng |
| 010 ## - LIBRARY OF CONGRESS CONTROL NUMBER | |
| LC control number | sa 68015942 //r85 |
| 025 ## - OVERSEAS ACQUISITION NUMBER | |
| Overseas acquisition number | PL480:I-E-7059 |
| 043 ## - GEOGRAPHIC AREA CODE | |
| Geographic area code | a-ii--- |
| 050 0# - LIBRARY OF CONGRESS CALL NUMBER | |
| Classification number | QL71.I5 |
| Item number | P7 |
| 100 10 - MAIN ENTRY--PERSONAL NAME | |
| Personal name | Pradhan, K. S., |
| Dates associated with a name | 1918- |
| 245 12 - TITLE STATEMENT | |
| Title | A guide to the zoological galleries [of the Indian Museum] |
| Statement of responsibility, etc. | by K. S. Pradhan. |
| 260 0# - PUBLICATION, DISTRIBUTION, ETC. | |
| Place of publication, distribution, etc. | Calcutta, |
| Name of publisher, distributor, etc. | Indian Museum, |
| Date of publication, distribution, etc. | 1965. |
| 300 ## - PHYSICAL DESCRIPTION | |
| Extent | 78 p. |
| Other physical details | illus. |
| Dimensions | 22 cm. |
| 350 ## - PRICE (NR) (BK AM CF MU VM SE) [OBSOLETE] | |
| Price | 1.15 |
| 650 #0 - SUBJECT ADDED ENTRY--TOPICAL TERM | |
| Topical term or geographic name entry element | Zoology |
| General subdivision | Catalogs and collections. |
| 610 20 - SUBJECT ADDED ENTRY--CORPORATE NAME | |
| Corporate name or jurisdiction name as entry element | Indian Museum. |
No items available.